000 01046cam a2200313 i 4500
001 vtls003260138
003 MY-SjTCS
005 20200226104803.0
008 141204t20132013enka 001 0 eng d
020 _a9780199676538 (paperback)
020 _a0199676534 (paperback)
039 9 _a201809071354
_bVLOAD
_c201506021145
_dpushpa
_c201505071448
_djamalia
_y201412041341
_zmalathy
040 _erda
082 0 4 _a341
_bBAN 2013
100 1 _aBantekas, Ilias.
_918752
245 1 0 _aInternational law :
_bconcentrate /
_cIlias Bantekas, Efthymios Papastavridis.
264 1 _aOxford :
_bOxford University Press,
_c[2013]
264 4 _c©2013.
300 _axiv, 172, 19 pages :
_billustrations ;
_c21 cm.
336 _atext
_2rdacontent
337 _aunmediated
_2rdamedia
338 _avolume
_2rdacarrier
490 1 _aConcentrate
500 _aIncludes index
650 0 _aInternational law
_vExaminations, questions, etc.
_946718
700 1 _aPapastavridis, Efthymios
_974043
830 0 _aConcentrate.
_946856
920 _aLAW : 216172
999 _c43766